Gestión y calidad en educación : (Registro nro. 54268)
[ vista simple ]
| 000 -LEADER | |
|---|---|
| fixed length control field | 01141cam a2200337 i 4500 |
| 001 - CONTROL NUMBER | |
| control field | 54268 |
| 003 - CONTROL NUMBER IDENTIFIER | |
| control field | Mx-PuUPA |
| 005 - DATE AND TIME OF LATEST TRANSACTION | |
| control field | 20260212090943.0 |
| 008 - FIXED-LENGTH DATA ELEMENTS--GENERAL INFORMATION | |
| fixed length control field | 140415s2003 mx gr 000 0 spa d |
| 020 ## - INTERNATIONAL STANDARD BOOK NUMBER | |
| International Standard Book Number | 9701042824 |
| 020 ## - INTERNATIONAL STANDARD BOOK NUMBER | |
| International Standard Book Number | 9789701042823 |
| 040 ## - CATALOGING SOURCE | |
| Original cataloging agency | Mx-PuUPA |
| Language of cataloging | spa |
| Transcribing agency | Mx-PuUPA |
| Modifying agency | Mx-PuUPA |
| Description conventions | rda |
| 041 0# - LANGUAGE CODE | |
| Language code of text/sound track or separate title | spa |
| 043 ## - GEOGRAPHIC AREA CODE | |
| Geographic area code | cl----- |
| 043 ## - GEOGRAPHIC AREA CODE | |
| Geographic area code | s-cl--- |
| 100 1# - MAIN ENTRY--PERSONAL NAME | |
| Personal name | Lepeley, María Teresa, |
| 9 (RLIN) | 17720 |
| Relator term | autor |
| 245 10 - TITLE STATEMENT | |
| Title | Gestión y calidad en educación : |
| Remainder of title | un modelo de evaluación / |
| Statement of responsibility, etc. | María Teresa Lepeley |
| 250 ## - EDITION STATEMENT | |
| Edition statement | Primera edición |
| 264 #1 - PRODUCTION, PUBLICATION, DISTRIBUTION, MANUFACTURE, AND COPYRIGHT NOTICE | |
| Place of production, publication, distribution, manufacture | México, D.F. : |
| Name of producer, publisher, distributor, manufacturer | McGraw-Hill Interamericana Editores, |
| Date of production, publication, distribution, manufacture, or copyright notice | ©2003 |
| 300 ## - PHYSICAL DESCRIPTION | |
| Extent | xviii, 118 páginas : |
| Other physical details | tablas ; |
| Dimensions | 24 cm |
| 336 ## - CONTENT TYPE | |
| Fuente | rdacontent |
| Content type term | texto |
| Content type code | txt |
| 337 ## - MEDIA TYPE | |
| Source | rdamedia |
| Media type term | sin medio |
| Media type code | n |
| 338 ## - CARRIER TYPE | |
| Source | rdacarrier |
| Carrier type term | volumen |
| Carrier type code | nc |
| 650 #7 - SUBJECT ADDED ENTRY--TOPICAL TERM | |
| Source of heading or term | armarc |
| Topical term or geographic name entry element | Calidad de la educación |
| 650 #7 - SUBJECT ADDED ENTRY--TOPICAL TERM | |
| Source of heading or term | armarc |
| Topical term or geographic name entry element | Educación |
| General subdivision | Evaluación |
| Geographic subdivision | América Latina |
| 650 #7 - SUBJECT ADDED ENTRY--TOPICAL TERM | |
| Source of heading or term | armarc |
| Topical term or geographic name entry element | Educación |
| Geographic subdivision | Chile |
| 650 #7 - SUBJECT ADDED ENTRY--TOPICAL TERM | |
| Source of heading or term | armarc |
| Topical term or geographic name entry element | Educación superior |
| General subdivision | Evaluación |
| Geographic subdivision | Chile |
| 942 ## - ADDED ENTRY ELEMENTS (KOHA) | |
| Source of classification or shelving scheme | Dewey Decimal Classification |
| Koha item type | Libro |
| Classification part | 378.0130983 |
| Item part | L55 |
| Withdrawn status | Lost status | Source of classification or shelving scheme | Damaged status | Not for loan | Collection code | Home library | Current library | Shelving location | Date acquired | Source of acquisition | Total Checkouts | Full call number | Barcode | Date last seen | Date last checked out | Price effective from | Koha item type | Copy number | Total Renewals |
|---|---|---|---|---|---|---|---|---|---|---|---|---|---|---|---|---|---|---|---|
| Dewey Decimal Classification | General | Biblioteca Karol Wojtyla | Biblioteca Karol Wojtyla | Sala general | 03/12/2013 | Compra | 3 | 378.0130983 L55 2003 | 80991 | 17/02/2026 | 31/08/2024 | 30/05/2014 | Libro | ||||||
| Dewey Decimal Classification | General | Biblioteca Karol Wojtyla | Biblioteca Karol Wojtyla | Sala general | 03/12/2013 | Compra | 378.0130983 L55 2003 | 80992 | 17/02/2026 | 27/01/2017 | 03/12/2013 | Libro | Ej.2 | ||||||
| Dewey Decimal Classification | General | Biblioteca Karol Wojtyla | Biblioteca Karol Wojtyla | Sala general | 03/12/2013 | Compra | 3 | 378.0130983 L55 2003 | 80993 | 17/02/2026 | 12/02/2020 | 03/12/2013 | Libro | Ej.3 | 1 |